| 000 | 00493pab a2200169 454500 | ||
|---|---|---|---|
| 008 | 180718b1995 xxu||||| |||| 00| 0 eng d | ||
| 100 | _aDholakia, Ravindra H. | ||
| 245 | _aEstimation of price elasticity of fertiliser demand at macro level in India | ||
| 260 | _c1995 | ||
| 300 | _ap.36-46 | ||
| 362 | _aJan-Mar | ||
| 650 | _aSoil fertility - India | ||
| 650 | _aFertilizers - India | ||
| 700 | _aMajumdar, Jagdip | ||
| 773 | _aIndian Journal of Agricultural Economics | ||
| 909 | _a28687 | ||
| 999 |
_c28687 _d28687 |
||